00382nam a22001217a 4500008004100000020001500041050002300056100002100079245006500100260005400165300002300219700001800242170228b xxu||||| |||| 00| 0 eng d a1308629060 aHQ 187.4 .N37 2015 aNaranjo, Lorenzo aFundamentals of Finance /c Lorenzo Naranjo and Stuart Webb  aUnited States of America :bMcGraw Hill ,c2015 . av, 650p. :bill. ; a Webb, Stuart